| 000 -ლიდერი |
| ფიქსირებული სიგრძის საკონტროლო ველი |
02083nam a22002417a 4500 |
| 003 - საკონტროლო ნომრის იდენტიფიკატორი |
| საკონტროლო ველი |
Ge_BSU |
| 005 - ბოლო ოპერაციის თარიღი და დრო |
| საკონტროლო ველი |
20230614115423.0 |
| 008 - ფიქსირებული სიგრძის მონაცემთა ელემენტები - ზოგადი ინფორმაცია |
| ფიქსირებული სიგრძის საკონტროლო ველი |
230614s2023 ge ||||| |||| 00| 0 geo d |
| 041 ## - ენის კოდი |
| Language code of text/sound track or separate title |
geo |
| 080 ## - უნივერსალური ათობითი კლასიფიკაციის ინდექსი |
| Universal Decimal Classification number |
33 კ-91 |
| 100 ## - მთავარი ჩანაწერი - პიროვნების სახელი |
| Personal name |
კუპატაძე, კახა |
| 9 (RLIN) |
18688 |
| 245 ## - ცნობა სათაურის შესახებ |
| Title |
საგადასახადო მენეჯმენტის მექანიზმების სრულყოფისა და სტრატეგიული ტრანსფორმაციის შესაძლებლობები : |
| Remainder of title |
დისერტაცია / |
| Statement of responsibility, etc |
კახა კუპატაძე; სამეცნიერო ხელმძღვანელი რეზო მანველიძე, გიორგი ღავთაძე; ბსუ. ეკონომიკისა და ბიზნესის ფაკულტეტი. ბიზნსის ადმინისტრირების, მენეჯმენტის და მარკეტინგის დარგობრივი დეპარტამენტი. |
| 264 ## - წარმოების, გამოცემის, დისტრიბუციის და სხვა ცნობები |
| გამოცემის, წარმოების, დისტრიბუციის... ადგილი |
ბათუმი, |
| გამოცემის, წარმოების, დისტრიბუციის... თარიღი |
2023. |
| 300 ## - ფიზიკური აღწერა |
| Extent |
160 გვ. ; |
| Other physical details |
30 სმ. |
| 504 ## - BIBLIOGRAPHY, ETC. NOTE |
| Bibliography, etc |
ბიბლიოგრ. გვ. 154-160 |
| 653 ## - INDEX TERM--UNCONTROLLED |
| Uncontrolled term |
ეკონომიკა |
| 653 ## - INDEX TERM--UNCONTROLLED |
| Uncontrolled term |
საგადასახადო მენეჯმენტი |
| 653 ## - INDEX TERM--UNCONTROLLED |
| Uncontrolled term |
ბიზნესის ადმინისტრირება |
| 700 ## - ADDED ENTRY--PERSONAL NAME |
| Personal name |
მანველიძე, რეზო |
| Relator term |
სამეცნიერო ხელმძღვანელი |
| 9 (RLIN) |
1497 |
| 700 ## - ADDED ENTRY--PERSONAL NAME |
| Personal name |
ღავთაძე, გიორგი |
| Relator term |
სამეცნიერო ხელმძღვანელი |
| 9 (RLIN) |
846 |
| 710 ## - ADDED ENTRY--CORPORATE NAME |
| Corporate name or jurisdiction name as entry element |
ბსუ. |
| Subordinate unit |
ეკონომიკისა და ბიზნესის ფაკულტეტი. ბიზნსის ადმინისტრირების, მენეჯმენტის და მარკეტინგის დარგობრივი დეპარტამენტი. |
| 9 (RLIN) |
18689 |
| 942 ## - ADDED ENTRY ELEMENTS (KOHA) |
| Source of classification or shelving scheme |
|
| Koha item type |
დისერტაცია |